LEADER 01027nam a2200229 4500 001 000000361716 003 CaOOAMICUS 005 20250218140657.0 008 250218s2022 fr a 000 u fre r 020 $a978-2-493323-36-1 040 $aSeMil$bita 041 1 $afre$alat 245 10$aVol. 2 /$cLothaire de Segni (Innocent III) 264 1$aHuningue :$bPresses universitaires Rhin & Danube,$c2022. 300 $aP. 563-1063 :$bill. ;$c24 cm 773 0 $aInnocentius III $tMystères des messes.$dHuningue : Presses universitaires Rhin & Danube, 2022.$kMétaphysique, théologie & spiritualité$z978-2-493323-3-0$g2$w()361714 850 $aSeMil 852 $aSeMil$W1$xVenegono$y1$m3K VI 106$j254547$B252664$CSeMilBibl$Z2$F252664 $81 996 $6020$a978-2-493323-36-1$9(OLS)http://semarc/number/302486 996 $6245$aVol. 2$9(OLS)http://semarc/title/54073 996 $6264$aHuningue :$bPresses universitaires Rhin & Danube$9(OLS)http://semarc/publisher/62244 LEADER 00985nam a2200229 i 4500 001 000000052112 003 CaOOAMICUS 005 20100728000000.0 008 100728s1919 xx u000 u lat u 013 $a23284 040 $aSeMil$bita 100 1 $aChelodi, Giovanni <1882-1922>.$0(OLS)http://semarc/name/25734 245 10$aIus Matrimoniale :$biuxta codicem iuris canonici /$cGiovanni Chelodi. 260 $aTridenti :$bTridentum,$c1919. 300 $aVII; 230 p. ;$c24 cm. 500 $aCon lettera autografa dell'autore sac. Chelodi Giovanni. 650 4$aMatrimonio - Diritto canonico.$0(OLS)http://semarc/subject/1701 650 4$aCodex iuris canonici <1917>.$0(OLS)http://semarc/subject/57797 850 $aSeMil 852 $aSeMil$W1$xVenegono$y1$m2H VII 13$j262651$B18267$CSeMilBibl$Z2$F18268 $81 996 $6245$aIus Matrimoniale :$biuxta codicem iuris canonici$9(OLS)http://semarc/title/79912 996 $6260$aTridenti :$bTridentum$9(OLS)http://semarc/publisher/41423